000 00275nam a2200121Ia 4500
005 20251222144718.0
008 251222s9999||||xx |||||||||||||| ||spa||
020 _a84-288-0475-3
082 _a249.8/C76
245 0 _aMatrimonio y Familia, Hoy
264 _bPPC
942 _cLIB
999 _c18112
_d18112